Australia Rugby World Cup Squad 2023 - Statistics

General Stats
  • This quiz has been taken 6 times
  • The average score is 9 of 33
Answer Stats
Position Club Answer % Correct
Prop Queensland Reds Taniela Tupou
83%
Prop NSW Waratahs Angus Bell
50%
Fly Half Melbourne Rebels Carter Gordon
50%
Hooker NSW Waratahs David Porecki
50%
Centre Queensland Reds Jordan Petaia
50%
Wing Saitama Wild Knights Marika Koroibete
50%
Scrum Half ACT Brumbies Nic White
50%
Lock Tolouse Richie Arnold
50%
Wing Queensland Reds Suliasi Vunivalu
50%
Scrum Half Queensland Reds Tate McDermott
50%
Back Row ACT Brumbies Tom Hooper
50%
Lock La Rochelle Will Skelton
50%
Fly Half NSW Waratahs Ben Donaldson
33%
Back Row Queensland Reds Fraser McReight
33%
Prop ACT Brumies James Slipper
33%
Hooker Queensland Reds Matt Faessler
33%
Wing NSW Waratahs Max Jorgensen
33%
Lock ACT Brumbies Nick Frost
33%
Back Row ACT Brumbies Rob Valetini
33%
Wing Melbourne Rebels Andrew Kellaway
17%
Centre NSW Waratahs Izaia Perese
17%
Back Row Melbourne Rebels Josh Kemeny
17%
Centre NSW Waratahs Lalakai Foketi
17%
Prop ACT Brumbies Blake Schoupp
0%
Scrum Half Western Force Issak Fines-Leleiwasa
0%
Hooker Melbourne Reds Jordan Uelese
0%
Back Row NSW Waratahs Langi Gleeson
0%
Wing NSW Waratahs Mark Nawaqanitawase
0%
Lock Melbourne Rebels Matt Philip
0%
Prop Melbourne Rebels Pone Fa’amausili
0%
Back Row Melbourne Rebels Rob Leota
0%
Centre Urayasu D-Rocks Samu Karevi
0%
Prop Queensland Reds Zane Nonggor
0%
No matching quizzes found
Score Distribution
Percent of People with Each Score
Percentile by Number Answered
Your Score History
You have not taken this quiz